000 00490nam a2200169Ia 4500
008 220216s9999 xx 000 0 und d
100 _aDe Candia F
245 0 _aCarbon black filled rubbers.Molecular motions in the rubbery matrix and structural organization of the filler
260 _bKautschuk Gummi Kunststoffe
_c1996
300 _a99-101
700 _aCarotenuto M
700 _aGargani L
700 _aGuadagno L
700 _aLauretti E
700 _aRenzulli A
942 _cJS
999 _c55107
_d55107